00386nam a2200121Ia 4500008004100000020005500041040000800096082001800104100002400122245007700146260000900223264003200232231129s1999||||xx |||||||||||||| ||spa|| a958-9235-67-0  bspa aPe860.6 C256c aCaqueza Diaz Jairo 0aAnalisis literario de La ciudad y los perros : Mario Vargas LLosa (Peru) c1999 aBogota (Colombia) : Esquilo